| 000 | 01209nam a22003377a 4500 | ||
|---|---|---|---|
| 001 | 3997617 | ||
| 003 | OSt | ||
| 005 | 20210426111727.0 | ||
| 008 | 960411s1996 nyu b 000 0 eng | ||
| 010 | _a 96017280 | ||
| 020 | _a0670821624 (alk. paper) | ||
| 040 |
_aDLC _cDLC _dDLC _beng |
||
| 041 | 1 |
_aeng _hgrc |
|
| 050 | 0 | 0 |
_aPA4025.A5 _bF34 1996 |
| 080 |
_a821.111 _bH-76 |
||
| 082 | 0 | 0 |
_a883/.01 _220 |
| 100 | 0 | _aHomer. | |
| 240 | 1 | 0 |
_aOdyssey. _lEnglish |
| 245 | 1 | 4 |
_aThe Odyssey / _cHomer ; translated by Robert Fagles ; introduction and notes by Bernard Knox. _b/ by: Viking |
| 260 |
_aNew York _bViking _cc1996. |
||
| 300 |
_ax, 541 p. ill. _c24 cm. |
||
| 504 | _aIncludes bibliographical references. | ||
| 600 | 0 | 0 |
_aOdysseus, _cKing of Ithaca (Mythological character) _vPoetry. |
| 650 | 0 |
_aEpic poetry, Greek _xTranslations into English. |
|
| 650 | 0 |
_aEnglish literature _9254 |
|
| 653 | _aინგლისური ლიტერატურა | ||
| 700 | 1 |
_aFagles, Robert. _eTranslator |
|
| 906 |
_a7 _bcbc _corignew _d1 _eocip _f19 _gy-gencatlg |
||
| 942 |
_2udc _cBK |
||
| 999 |
_c1224 _d1224 |
||